000 00922nam a2200229 a 4500
999 _c10414
_d10414
001 10414
003 BD-JhCC
005 20220322134023.0
008 180425s20112016bg |||| |||| 000 0 ben d
035 _a(BD-JhCC)10414
040 _aBD-JhCC
_dBD-JhCC
041 _aben
082 _a297.2
_bUSM 2016
100 _aউসমানী, মুহাম্মাদ তকী
245 _aমিথ্যা, ওয়াদা ভঙ্গ ও খেয়ানতের বিভিন্ন রূপ /
_cমুহাম্মাদ তকী উসমানী, আবু সাঈদ, আ খ ম ইউনুস (অনু.)
260 _aঢাকা :
_bআল হিকমাহ পাবলিকেশন্স,
_c২০১৬
300 _a৬২ পৃ. :
_c১৯ সেমি.
650 _aIslam
700 _aসাঈদ, আবু
700 _aইউনুস, আ খ ম
942 _2ddc
_cBK
_05